[Event "Liga Madrileña - DH 2017-2018"]
[Site "Madrid ESP"]
[Date "2017.12.17"]
[Round "4.13"]
[White "Vallejo Diaz, Jesus"]
[Black "Elguezabal Varela, Daniel"]
[Result "1/2-1/2"]
[WhiteElo "2241"]
[BlackElo "2339"]
[PlyCount "87"]
[EventDate "2017.11.19"]
[EventType "team-tourn"]
[EventRounds "14"]
[EventCountry "ESP"]
[SourceTitle "Ajedrez en Madrid"]
[Source "lmi"]
[SourceDate "2017.11.19"]
[WhiteTeam "Alcorcon"]
[BlackTeam "La Casa del Ajedrez"]
[WhiteTeamCountry "ESP"]
[BlackTeamCountry "ESP"]

1. e4 c5 2. Nf3 e6 3. c4 Nc6 4. Nc3 Nf6 5. Be2 Be7 6. O-O O-O 7. d4 cxd4 8.
Nxd4 d6 9. Be3 Bd7 10. Qd2 Nxd4 11. Qxd4 Bc6 12. Rfd1 a6 13. b4 Qb8 14. b5 Bd7
15. a4 Qc7 16. f3 Rfc8 17. Rdc1 Be8 18. a5 Nd7 19. Qd2 Nc5 20. Rcb1 Bf6 21. Ra3
Be5 22. h3 Qe7 23. Na4 Nxa4 24. Rxa4 h6 25. f4 Bf6 26. Ra2 e5 27. f5 Bg5 28.
bxa6 Bxe3+ 29. Qxe3 bxa6 30. Rb6 Bc6 31. Bd3 Qd8 32. Re2 f6 33. Rd2 Qc7 34. Bc2
Kh8 35. g4 Rd8 36. Qa3 Be8 37. Qb4 Rdc8 38. Rdxd6 Qxc4 39. Qxc4 Rxc4 40. Bd3
Rc1+ 41. Kf2 Bb5 42. Bxb5 axb5 43. Rxb5 Ra1 44. a6 1/2-1/2

[Event "Liga Madrileña - DH 2017-2018"]
[Site "Madrid ESP"]
[Date "2017.12.17"]
[Round "4.14"]
[White "Collado Barbas, Laura"]
[Black "Aguilera Lopez, Alejandro"]
[Result "0-1"]
[WhiteElo "2105"]
[BlackElo "2232"]
[PlyCount "114"]
[EventDate "2017.11.19"]
[EventType "team-tourn"]
[EventRounds "14"]
[EventCountry "ESP"]
[SourceTitle "Ajedrez en Madrid"]
[Source "lmi"]
[SourceDate "2017.11.19"]
[WhiteTeam "La Casa del Ajedrez"]
[BlackTeam "Alcorcon"]
[WhiteTeamCountry "ESP"]
[BlackTeamCountry "ESP"]

1. d4 d5 2. c4 e6 3. Nc3 Nf6 4. cxd5 exd5 5. Bg5 Be7 6. e3 Nbd7 7. Bd3 O-O 8.
Qc2 b6 9. Nge2 Bb7 10. O-O c5 11. Rad1 Re8 12. Bb5 a6 13. Bxf6 Bxf6 14. Bd3 g6
15. Nf4 Nf8 16. dxc5 bxc5 17. Bc4 d4 18. Bxf7+ Kxf7 19. Qb3+ Kg7 20. Qxb7+ Re7
21. Qf3 Rf7 22. Ne4 Rc8 23. Nxf6 Qxf6 24. Qg4 Qf5 25. Nh5+ Kg8 26. Qxf5 Rxf5
27. Ng3 Rd5 28. Rd3 Ne6 29. b3 Rcd8 30. e4 R5d7 31. f4 c4 32. bxc4 Nc5 33. Rd2
d3 34. f5 Rd4 35. fxg6 hxg6 36. Rc1 Rf8 37. h3 Kg7 38. Rc3 Rf4 39. Kh2 Kf6 40.
Ra3 Rxc4 41. Raxd3 Nxd3 42. Rxd3 Rc2 43. Rd6+ Kg7 44. e5 Rff2 45. Rd7+ Kf8 46.
h4 Rxg2+ 47. Kh3 Rgd2 48. Rb7 Rc3 49. Rb4 Rxa2 50. Rg4 Kf7 51. Rf4+ Kg7 52. Rg4
Raa3 53. Kg2 Rxg3+ 54. Rxg3 Rxg3+ 55. Kxg3 a5 56. Kf3 a4 57. Ke4 a3 0-1

[Event "Liga Madrileña - DH 2017-2018"]
[Site "Madrid ESP"]
[Date "2017.12.17"]
[Round "4.15"]
[White "Prieto Martin, Alfonso"]
[Black "Yingrui, Lin"]
[Result "0-1"]
[WhiteElo "2200"]
[BlackElo "2085"]
[PlyCount "106"]
[EventDate "2017.11.19"]
[EventType "team-tourn"]
[EventRounds "14"]
[EventCountry "ESP"]
[SourceTitle "Ajedrez en Madrid"]
[Source "lmi"]
[SourceDate "2017.11.19"]
[WhiteTeam "Alcorcon"]
[BlackTeam "La Casa del Ajedrez"]
[WhiteTeamCountry "ESP"]
[BlackTeamCountry "ESP"]

1. e4 e5 2. Nf3 Nc6 3. d4 exd4 4. Nxd4 Bc5 5. Nxc6 Qf6 6. Qf3 dxc6 7. Nc3 Be6
8. a3 Bd4 9. Bd2 Qxf3 10. gxf3 Ne7 11. Nd1 f5 12. Bh3 Kf7 13. O-O g5 14. Bb4 g4
15. exf5 Bc4 16. fxg4 Bxf1 17. Kxf1 Nd5 18. Bd2 h6 19. Bg2 Rad8 20. c3 Be5 21.
h3 Nf4 22. Be3 Rd7 23. c4 Rhd8 24. Bf3 Kf6 25. Ke1 Nxh3 26. Bxh6 Ng5 27. Bxg5+
Kxg5 28. Rb1 Rd3 29. Be2 Rh3 30. Ne3 Bf4 31. Nf1 Rb3 32. Bd1 Re8+ 33. Ne3 Rd3
34. Ke2 Rd4 35. b3 Bxe3 36. fxe3 Rxg4 37. Bc2 Rg2+ 38. Kd3 Kxf5 39. Rf1+ Ke6
40. Kc3 Rg3 41. Kd4 c5+ 42. Kxc5 Rxe3 43. Kb4 Re5 44. Rd1 a5+ 45. Ka4 Rf8 46.
Rd2 Rf4 47. Rd8 Ke7 48. Rb8 b6 49. Bg6 Kd7 50. Rh8 Kc6 51. Rh5 Rxh5 52. Bxh5
b5+ 53. Kxa5 bxc4 0-1

[Event "Liga Madrileña - DH 2017-2018"]
[Site "Madrid ESP"]
[Date "2017.12.17"]
[Round "4.16"]
[White "Unciti Juan, Javier"]
[Black "Ramos del Campo, Alexander"]
[Result "0-1"]
[WhiteElo "2037"]
[BlackElo "2172"]
[PlyCount "134"]
[EventDate "2017.11.19"]
[EventType "team-tourn"]
[EventRounds "14"]
[EventCountry "ESP"]
[SourceTitle "Ajedrez en Madrid"]
[Source "lmi"]
[SourceDate "2017.11.19"]
[WhiteTeam "La Casa del Ajedrez"]
[BlackTeam "Alcorcon"]
[WhiteTeamCountry "ESP"]
[BlackTeamCountry "ESP"]

1. d4 Nf6 2. c4 e6 3. Nf3 Bb4+ 4. Bd2 c5 5. e3 O-O 6. Bd3 Bxd2+ 7. Qxd2 b6 8.
Nc3 cxd4 9. exd4 Bb7 10. Qe2 Nc6 11. O-O d5 12. cxd5 Nxd5 13. Nxd5 Qxd5 14. Be4
Nxd4 15. Nxd4 Qxe4 16. Qxe4 Bxe4 17. Rac1 Rfd8 18. Rfd1 Rac8 19. Nb5 Rxd1+ 20.
Rxd1 Bd5 21. Nc3 Bc6 22. f3 Kf8 23. Kf2 b5 24. a3 a5 25. Rg1 Bd5 26. Rd1 Rc5
27. Rd2 b4 28. axb4 axb4 29. Nxd5 Rxd5 30. Ke3 Ke7 31. Rc2 Kd6 32. Rc4 Rb5 33.
b3 f5 34. f4 e5 35. fxe5+ Kxe5 36. Rc2 g5 37. Rc4 f4+ 38. Kf3 h5 39. h3 Kf5 40.
g4+ hxg4+ 41. hxg4+ Ke5 42. Re4+ Kd5 43. Rc4 Rb6 44. Kf2 Ke5 45. Kf3 Rh6 46.
Rxb4 Rh3+ 47. Kf2 Rg3 48. Rb5+ Kf6 49. Rb6+ Ke7 50. b4 Rxg4 51. b5 Rg3 52. Rc6
Rb3 53. b6 Rb5 54. Kf3 Kd7 55. Rg6 Kc8 56. Rg7 Rb3+ 57. Kf2 Rg3 58. Rc7+ Kb8
59. Ke2 Re3+ 60. Kf2 Re5 61. Kf3 Rb5 62. Rd7 Rf5 63. Kf2 f3 64. Rh7 g4 65. Rg7
Rf4 66. Rg6 Kb7 67. Kf1 f2 0-1

[Event "Liga Madrileña - DH 2017-2018"]
[Site "Madrid ESP"]
[Date "2017.12.17"]
[Round "4.21"]
[White "Moreno Ibañez, Miguel"]
[Black "Moreno Trujillo, Alejandro"]
[Result "1/2-1/2"]
[WhiteElo "2270"]
[BlackElo "2492"]
[PlyCount "105"]
[EventDate "2017.11.19"]
[EventType "team-tourn"]
[EventRounds "14"]
[EventCountry "ESP"]
[SourceTitle "Ajedrez en Madrid"]
[Source "lmi"]
[SourceDate "2017.11.19"]
[WhiteTeam "Liberty Chess"]
[BlackTeam "64 Villalba"]
[WhiteTeamCountry "ESP"]
[BlackTeamCountry "ESP"]

1. e4 c5 2. Nf3 d6 3. d4 cxd4 4. Nxd4 Nf6 5. Nc3 g6 6. Be3 Bg7 7. f3 Nc6 8. Qd2
O-O 9. O-O-O d5 10. exd5 Nxd5 11. Nxc6 bxc6 12. Bd4 Bxd4 13. Qxd4 Qb6 14. Na4
Qa5 15. b3 Be6 16. Bc4 Rfd8 17. Qc5 Qc7 18. Bxd5 Qf4+ 19. Kb2 cxd5 20. Qd4 Qc7
21. g4 Rac8 22. Nc3 Rd6 23. h4 Rc6 24. Rd3 Qb8 25. Re1 Rc4 26. Qe5 d4 27. Qxb8
Rxb8 28. Ne4 Rcb4 29. Red1 Rd8 30. a3 Rb5 31. Rxd4 Rxd4 32. Rxd4 f6 33. Ra4 a5
34. c4 Re5 35. c5 f5 36. gxf5 gxf5 37. Ng5 Bd5 38. Rxa5 h6 39. Kc3 hxg5 40. Kd4
gxh4 41. c6 Re1 42. Rxd5 Rd1+ 43. Ke5 Rc1 44. Rd4 Rc5+ 45. Ke6 Rxc6+ 46. Kxe7
Rc3 47. Rxh4 Rxb3 48. a4 Rxf3 49. Kf6 f4 50. Kf5 Kf7 51. Rxf4 Rxf4+ 52. Kxf4
Ke6 53. Ke4 1/2-1/2

[Event "Liga Madrileña - DH 2017-2018"]
[Site "Madrid ESP"]
[Date "2017.12.17"]
[Round "4.22"]
[White "Garrido Dominguez, Jesus"]
[Black "Sanchez Gonzalez, Sergio"]
[Result "1-0"]
[WhiteElo "2400"]
[BlackElo "2290"]
[PlyCount "165"]
[EventDate "2017.11.19"]
[EventType "team-tourn"]
[EventRounds "14"]
[EventCountry "ESP"]
[SourceTitle "Ajedrez en Madrid"]
[Source "lmi"]
[SourceDate "2017.11.19"]
[WhiteTeam "64 Villalba"]
[BlackTeam "Liberty Chess"]
[WhiteTeamCountry "ESP"]
[BlackTeamCountry "ESP"]

1. e4 c5 2. Nf3 e6 3. b3 b6 4. Bb2 Bb7 5. Nc3 d6 6. d4 cxd4 7. Nxd4 Nf6 8. Bd3
a6 9. Qe2 b5 10. O-O-O Nbd7 11. f4 Qa5 12. e5 dxe5 13. fxe5 Ba3 14. Nxe6 fxe6
15. exf6 O-O-O 16. Nb1 Bxb2+ 17. Kxb2 Nxf6 18. Qxe6+ Kb8 19. Qh3 Nd5 20. Be4 b4
21. Bxd5 Bxd5 22. Rd4 Bb7 23. Qg3+ Ka8 24. Rhd1 g6 25. a3 bxa3+ 26. Nxa3 Rxd4
27. Rxd4 Qc5 28. Rd2 a5 29. Qc3 Qxc3+ 30. Kxc3 Rc8+ 31. Kb2 Rc5 32. Nc4 Kb8 33.
g3 h5 34. Rd6 Rg5 35. Rd4 Ba6 36. Nd2 Bc8 37. Ka3 Rf5 38. Rf4 Re5 39. Rf2 Be6
40. Kb2 Kc7 41. Kc3 Rc5+ 42. Kb2 Re5 43. Nb1 g5 44. Nc3 Kd6 45. Kc1 Ke7 46. Kd2
Bg4 47. Kd3 h4 48. Kd4 Re1 49. gxh4 gxh4 50. Rf4 Rg1 51. Nd5+ Kd6 52. Ne3 Bd7
53. Rxh4 a4 54. Rh6+ Kc7 55. Nd5+ Kb8 56. bxa4 Bxa4 57. c4 Kb7 58. Kc5 Bc2 59.
Rb6+ Ka7 60. Rb2 Be4 61. Kd4 Bf3 62. Ne3 Bb7 63. Nd5 Rg4+ 64. Kc5 Rg5 65. h4
Rh5 66. Rh2 Kb8 67. Kd6 Rh6+ 68. Ke5 Rh5+ 69. Kd4 Bxd5 70. cxd5 Kc7 71. Ke4 Kd6
72. Kf4 Kxd5 73. Kg4 Rh8 74. Kf5 Kd6 75. Kf6 Rf8+ 76. Kg7 Rf3 77. h5 Rg3+ 78.
Kf7 Rf3+ 79. Kg6 Rg3+ 80. Kf5 Rf3+ 81. Kg4 Rf8 82. h6 Rh8 83. h7 1-0

[Event "Liga Madrileña - DH 2017-2018"]
[Site "Madrid ESP"]
[Date "2017.12.17"]
[Round "4.23"]
[White "Perez Gonzalez, Jose Manuel"]
[Black "Vega Gomez, Francisco Borja"]
[Result "1-0"]
[WhiteElo "2226"]
[BlackElo "2298"]
[PlyCount "101"]
[EventDate "2017.11.19"]
[EventType "team-tourn"]
[EventRounds "14"]
[EventCountry "ESP"]
[SourceTitle "Ajedrez en Madrid"]
[Source "lmi"]
[SourceDate "2017.11.19"]
[WhiteTeam "Liberty Chess"]
[BlackTeam "64 Villalba"]
[WhiteTeamCountry "ESP"]
[BlackTeamCountry "ESP"]

1. e4 d6 2. d4 Nf6 3. Nc3 Nbd7 4. Nf3 e5 5. Bc4 Be7 6. a4 O-O 7. O-O c6 8. h3
h6 9. Qe2 Re8 10. Be3 Qc7 11. d5 Nf8 12. a5 Ng6 13. Bb3 Bd7 14. Qc4 Rec8 15.
dxc6 Be6 16. Nd5 Bxd5 17. exd5 bxc6 18. Qxc6 Qxc6 19. dxc6 Rxc6 20. Rfd1 a6 21.
Bb6 d5 22. Rxd5 Rxc2 23. Bxc2 Nxd5 24. Be4 Nxb6 25. axb6 Rb8 26. Rxa6 Kh7 27.
Nxe5 Bd8 28. b7 Bc7 29. Nxf7 Kg8 30. Bxg6 Rxb7 31. Ra8+ Bb8 32. Ne5 Rb6 33. Bd3
g5 34. Nd7 Rd6 35. Rxb8+ Kg7 36. Nc5 h5 37. Rb7+ Kh8 38. Rh7+ Kg8 39. Rxh5 g4
40. hxg4 Rb6 41. b3 Rb4 42. Bc4+ Kg7 43. f4 Rb8 44. f5 Ra8 45. g5 Ra1+ 46. Kh2
Re1 47. Ne6+ Kf7 48. Nf4+ Kf8 49. f6 Ke8 50. f7+ Ke7 51. Ng6+ 1-0

[Event "Liga Madrileña - DH 2017-2018"]
[Site "Madrid ESP"]
[Date "2017.12.17"]
[Round "4.24"]
[White "Longa Yauca, Javier"]
[Black "Hinojar Diez, David"]
[Result "0-1"]
[WhiteElo "2220"]
[BlackElo "2093"]
[PlyCount "66"]
[EventDate "2017.11.19"]
[EventType "team-tourn"]
[EventRounds "14"]
[EventCountry "ESP"]
[SourceTitle "Ajedrez en Madrid"]
[Source "lmi"]
[SourceDate "2017.11.19"]
[WhiteTeam "64 Villalba"]
[BlackTeam "Liberty Chess"]
[WhiteTeamCountry "ESP"]
[BlackTeamCountry "ESP"]

1. d4 Nf6 2. Nf3 d5 3. c4 e6 4. Bg5 Be7 5. Nc3 O-O 6. e3 c6 7. Qc2 Re8 8. Rd1
Nbd7 9. Bd3 dxc4 10. Bxc4 Nd5 11. Bxe7 Qxe7 12. O-O Nxc3 13. bxc3 e5 14. a4 e4
15. Nd2 Nf6 16. Rde1 Bg4 17. Rb1 b6 18. Qa2 Bh5 19. Rfc1 Rad8 20. Bf1 Rd5 21.
Nc4 Qe6 22. Rb2 Nd7 23. Qa3 Qg6 24. Kh1 Bg4 25. h3 Qh6 26. Kg1 Bf5 27. Rd2 Qg5
28. Kh2 Re6 29. Be2 Qh4 30. Bf1 Rg6 31. g3 Qf6 32. Ne5 Rh6 33. Nxd7 Bxd7 0-1

[Event "Liga Madrileña - DH 2017-2018"]
[Site "Madrid ESP"]
[Date "2017.12.17"]
[Round "4.25"]
[White "Samuel Lares, Jairo"]
[Black "Gimenez Menchon, Cesar"]
[Result "0-1"]
[WhiteElo "2029"]
[BlackElo "2152"]
[PlyCount "48"]
[EventDate "2017.11.19"]
[EventType "team-tourn"]
[EventRounds "14"]
[EventCountry "ESP"]
[SourceTitle "Ajedrez en Madrid"]
[Source "lmi"]
[SourceDate "2017.11.19"]
[WhiteTeam "Liberty Chess"]
[BlackTeam "64 Villalba"]
[WhiteTeamCountry "ESP"]
[BlackTeamCountry "ESP"]

1. d4 d5 2. Nc3 c6 3. Bf4 Nf6 4. e3 Bf5 5. f3 e6 6. g4 Bg6 7. h4 h6 8. Bd3 Bxd3
9. Qxd3 Bd6 10. Nge2 Qe7 11. O-O-O Nbd7 12. e4 dxe4 13. Nxe4 Bxf4+ 14. Nxf4
O-O-O 15. g5 Nxe4 16. fxe4 hxg5 17. hxg5 Qxg5 18. Qe3 Rxh1 19. Rxh1 e5 20. dxe5
Nxe5 21. Rg1 Qh6 22. Rf1 Kb8 23. a4 Rd6 24. Kb1 Nc4 0-1

[Event "Liga Madrileña - DH 2017-2018"]
[Site "Madrid ESP"]
[Date "2017.12.17"]
[Round "4.26"]
[White "Pascual Palomo, Lucia"]
[Black "Pablos Tenrero, Raquel"]
[Result "1-0"]
[WhiteElo "2100"]
[BlackElo "1983"]
[PlyCount "57"]
[EventDate "2017.11.19"]
[EventType "team-tourn"]
[EventRounds "14"]
[EventCountry "ESP"]
[SourceTitle "Ajedrez en Madrid"]
[Source "lmi"]
[SourceDate "2017.11.19"]
[WhiteTeam "64 Villalba"]
[BlackTeam "Liberty Chess"]
[WhiteTeamCountry "ESP"]
[BlackTeamCountry "ESP"]

1. e4 c5 2. Nf3 Nc6 3. Bb5 Nf6 4. e5 Nd5 5. O-O e6 6. Re1 Nc7 7. Bxc6 dxc6 8.
d3 Bd7 9. Nc3 Nd5 10. Ne4 Qc7 11. c4 Nb4 12. Bg5 h6 13. Bh4 Qb6 14. Qd2 Be7 15.
Bxe7 Kxe7 16. a3 Na6 17. Qf4 Be8 18. Nd6 Rd8 19. Rab1 Kf8 20. Nd2 Qc7 21. N2e4
Qe7 22. Re3 Rd7 23. Rg3 b6 24. Qg4 f5 25. exf6 gxf6 26. Nxe8 Kxe8 27. Qg6+ Kd8
28. Nxf6 Rd4 29. Ng8 1-0

[Event "Liga Madrileña - DH 2017-2018"]
[Site "Madrid ESP"]
[Date "2017.12.17"]
[Round "4.31"]
[White "Almagro Llamas, Pablo"]
[Black "Lianes Garcia, Marcos"]
[Result "1/2-1/2"]
[WhiteElo "2475"]
[BlackElo "2300"]
[PlyCount "142"]
[EventDate "2017.11.19"]
[EventType "team-tourn"]
[EventRounds "14"]
[EventCountry "ESP"]
[SourceTitle "Ajedrez en Madrid"]
[Source "lmi"]
[SourceDate "2017.11.19"]
[WhiteTeam "Virgen de Atocha"]
[BlackTeam "Villaverde"]
[WhiteTeamCountry "ESP"]
[BlackTeamCountry "ESP"]

1. Nf3 c5 2. g3 Nf6 3. Bg2 Nc6 4. O-O d5 5. d4 e6 6. c4 Be7 7. cxd5 exd5 8. Nc3
h6 9. dxc5 Bxc5 10. Na4 Be7 11. Be3 O-O 12. Rc1 Bg4 13. Bc5 Rc8 14. h3 Bxf3 15.
Bxf3 Bxc5 16. Nxc5 Ne5 17. Bg2 Qb6 18. Nb3 Rxc1 19. Qxc1 Qa6 20. Qc2 Qc4 21.
Rc1 Qxc2 22. Rxc2 Nc6 23. a3 Re8 24. Kf1 Kf8 25. Rd2 Rd8 26. Nc5 Na5 27. Rc2
Ke7 28. Nd3 Nc6 29. Ke1 Rd7 30. e3 Nd8 31. Ne5 Rd6 32. Rc7+ Ke8 33. Rc8 Ke7 34.
Rc7+ Ke8 35. Bf1 a6 36. Bd3 Nd7 37. Nxd7 Rxd7 38. Rc8 Ke7 39. g4 Ne6 40. Bf5
Rd8 41. Rc2 g6 42. Bxe6 fxe6 43. Ke2 Kd6 44. f4 Rf8 45. h4 b5 46. Rc1 Rg8 47.
Kf3 Rf8 48. Kg3 Rg8 49. Rh1 e5 50. h5 exf4+ 51. exf4 g5 52. f5 Re8 53. Rf1 Re7
54. Kf3 Re4 55. Rf2 a5 56. Re2 Rf4+ 57. Kg3 d4 58. Rf2 Ke5 59. Re2+ Kd5 60. Rf2
d3 61. Rxf4 gxf4+ 62. Kf3 Ke5 63. b3 Kf6 64. Kf2 b4 65. a4 Kf7 66. Kf3 Kg7 67.
Kf2 Kf6 68. Kf3 Ke5 69. Kf2 Kf6 70. Kf3 Kg5 71. Kf2 Kf6 1/2-1/2

[Event "Liga Madrileña - DH 2017-2018"]
[Site "Madrid ESP"]
[Date "2017.12.17"]
[Round "4.32"]
[White "Quispe Arteaga, Gabriel"]
[Black "Espinosa Aranda, Angel"]
[Result "1/2-1/2"]
[WhiteElo "2267"]
[BlackElo "2448"]
[PlyCount "58"]
[EventDate "2017.11.19"]
[EventType "team-tourn"]
[EventRounds "14"]
[EventCountry "ESP"]
[SourceTitle "Ajedrez en Madrid"]
[Source "lmi"]
[SourceDate "2017.11.19"]
[WhiteTeam "Villaverde"]
[BlackTeam "Virgen de Atocha"]
[WhiteTeamCountry "ESP"]
[BlackTeamCountry "ESP"]

1. Nf3 Nf6 2. g3 b6 3. Bg2 Bb7 4. O-O g6 5. b3 Bg7 6. Bb2 O-O 7. c4 e6 8. e3 d5
9. cxd5 exd5 10. d4 Re8 11. Nc3 Nbd7 12. Rc1 c5 13. Re1 a6 14. dxc5 Nxc5 15. b4
Nce4 16. Nd4 Qd7 17. Re2 Rac8 18. Nxe4 dxe4 19. Rec2 Ng4 20. Rxc8 Rxc8 21.
Rxc8+ Qxc8 22. Bh3 Nxe3 23. Bxc8 Nxd1 24. Bxb7 Nxb2 25. Nc2 a5 26. bxa5 bxa5
27. Bxe4 Na4 28. Bd5 Nc3 29. Bc4 Ne4 1/2-1/2

[Event "Liga Madrileña - DH 2017-2018"]
[Site "Madrid ESP"]
[Date "2017.12.17"]
[Round "4.33"]
[White "Rubio Mejia, Luis Ignacio"]
[Black "Iagar, Razvan Gabriel"]
[Result "1/2-1/2"]
[WhiteElo "2438"]
[BlackElo "2192"]
[PlyCount "103"]
[EventDate "2017.11.19"]
[EventType "team-tourn"]
[EventRounds "14"]
[EventCountry "ESP"]
[SourceTitle "Ajedrez en Madrid"]
[Source "lmi"]
[SourceDate "2017.11.19"]
[WhiteTeam "Virgen de Atocha"]
[BlackTeam "Villaverde"]
[WhiteTeamCountry "ESP"]
[BlackTeamCountry "ESP"]

1. d4 d5 2. c4 c6 3. Nf3 Nf6 4. Nc3 e6 5. Bg5 Nbd7 6. e3 Qa5 7. Nd2 Bb4 8. Qc2
O-O 9. Be2 e5 10. O-O exd4 11. Nb3 Qc7 12. Nxd4 dxc4 13. Bxc4 Bd6 14. h3 Qa5
15. f4 Nb6 16. Nb3 Qb4 17. Bd3 Nbd5 18. Bxf6 Nxf6 19. e4 Nh5 20. e5 Bc5+ 21.
Nxc5 Qxc5+ 22. Kh2 g6 23. Qe2 f5 24. Bc4+ Kh8 25. Rad1 Ng7 26. Rd6 Ne8 27. Rd8
Ng7 28. Qe3 Qe7 29. Rxf8+ Qxf8 30. e6 Bxe6 31. Bxe6 Re8 32. Qxa7 Nxe6 33. Qxb7
Qd6 34. Qf7 Rf8 35. Qa7 Nxf4 36. Kh1 Nh5 37. Rd1 Qe5 38. Qd4 Re8 39. Qxe5+ Rxe5
40. Kg1 Nf4 41. Kf2 Kg7 42. Kf3 Ne6 43. b4 Kf6 44. a4 Ng5+ 45. Kf2 Ne4+ 46.
Nxe4+ Rxe4 47. Rb1 c5 48. bxc5 Rxa4 49. Rc1 Ra7 50. Kf3 Rc7 51. g4 Rc6 52. gxf5
1/2-1/2

[Event "Liga Madrileña - DH 2017-2018"]
[Site "Madrid ESP"]
[Date "2017.12.17"]
[Round "4.34"]
[White "Garcia Dorado, Alberto"]
[Black "Plazuelo Pascual, Juan"]
[Result "1/2-1/2"]
[WhiteElo "2124"]
[BlackElo "2324"]
[PlyCount "41"]
[EventDate "2017.11.19"]
[EventType "team-tourn"]
[EventRounds "14"]
[EventCountry "ESP"]
[SourceTitle "Ajedrez en Madrid"]
[Source "lmi"]
[SourceDate "2017.11.19"]
[WhiteTeam "Villaverde"]
[BlackTeam "Virgen de Atocha"]
[WhiteTeamCountry "ESP"]
[BlackTeamCountry "ESP"]

1. d4 Nf6 2. Nf3 b6 3. g3 Bb7 4. Bg2 g6 5. O-O Bg7 6. c4 O-O 7. Nc3 Ne4 8. Bd2
c5 9. Qc2 Nxd2 10. Qxd2 cxd4 11. Nxd4 Bxg2 12. Kxg2 Qc7 13. b3 Nc6 14. e3 a6
15. Rac1 b5 16. Nd5 Qb7 17. Nxc6 dxc6 18. Nf4 Rfd8 19. Qc2 a5 20. Rfd1 Rxd1 21.
Rxd1 1/2-1/2

[Event "Liga Madrileña - DH 2017-2018"]
[Site "Madrid ESP"]
[Date "2017.12.17"]
[Round "4.35"]
[White "Vazquez Torres, Adrian"]
[Black "Lopez Andujar Ocaña, Antonio"]
[Result "0-1"]
[WhiteElo "2182"]
[BlackElo "2094"]
[PlyCount "70"]
[EventDate "2017.11.19"]
[EventType "team-tourn"]
[EventRounds "14"]
[EventCountry "ESP"]
[SourceTitle "Ajedrez en Madrid"]
[Source "lmi"]
[SourceDate "2017.11.19"]
[WhiteTeam "Virgen de Atocha"]
[BlackTeam "Villaverde"]
[WhiteTeamCountry "ESP"]
[BlackTeamCountry "ESP"]

1. e4 e5 2. Nf3 Nc6 3. Bb5 a6 4. Ba4 Nf6 5. O-O Nxe4 6. d4 b5 7. Bb3 d5 8. dxe5
Be6 9. Be3 Nc5 10. c3 Nxb3 11. axb3 Be7 12. Nbd2 O-O 13. Qe2 Qd7 14. Rfe1 Bg4
15. h3 Bh5 16. Bf4 Nd8 17. b4 Ne6 18. Be3 d4 19. cxd4 Bxb4 20. Red1 Qd5 21. Nf1
f5 22. exf6 Rxf6 23. N1h2 Re8 24. Ng4 Nf4 25. Nxf6+ gxf6 26. Qf1 Nxh3+ 27. Kh2
Bd6+ 28. g3 Qxf3 29. Qxh3 Rxe3 30. Rd2 Re4 31. Rxa6 Bg4 32. Qg2 Re1 33. Rc2 Qf5
34. Qa8+ Kg7 35. Kg2 Qxc2 0-1

[Event "Liga Madrileña - DH 2017-2018"]
[Site "Madrid ESP"]
[Date "2017.12.17"]
[Round "4.36"]
[White "Vazquez Gonzalez, Jesus"]
[Black "Aragon Gutierrez, Alejandro"]
[Result "1-0"]
[WhiteElo "1943"]
[BlackElo "1845"]
[PlyCount "55"]
[EventDate "2017.11.19"]
[EventType "team-tourn"]
[EventRounds "14"]
[EventCountry "ESP"]
[SourceTitle "Ajedrez en Madrid"]
[Source "lmi"]
[SourceDate "2017.11.19"]
[WhiteTeam "Villaverde"]
[BlackTeam "Virgen de Atocha"]
[WhiteTeamCountry "ESP"]
[BlackTeamCountry "ESP"]

1. e4 e6 2. Bd3 c5 3. c3 Nc6 4. Nf3 Nf6 5. O-O Be7 6. Bc2 d6 7. Qe2 Qc7 8. a3
a6 9. d3 b5 10. Nbd2 Bb7 11. Re1 O-O 12. Nf1 Rac8 13. Ng3 Rfe8 14. h3 Nd7 15.
Bd2 Nde5 16. Nxe5 Nxe5 17. f4 Ng6 18. Qg4 Bh4 19. f5 Bxg3 20. Qxg3 exf5 21.
exf5 Ne5 22. f6 g6 23. Bf4 Qc6 24. Re4 Qd7 25. Qh4 Qf5 26. Bg5 Kh8 27. Qh6 Rg8
28. Qxh7+ 1-0

[Event "Liga Madrileña - DH 2017-2018"]
[Site "Madrid ESP"]
[Date "2017.12.17"]
[Round "4.41"]
[White "Martinez Reyes, Pedro Ramon"]
[Black "Mista, Aleksander"]
[Result "1-0"]
[WhiteElo "2406"]
[BlackElo "2587"]
[PlyCount "83"]
[EventDate "2017.11.19"]
[EventType "team-tourn"]
[EventRounds "14"]
[EventCountry "ESP"]
[SourceTitle "Ajedrez en Madrid"]
[Source "lmi"]
[SourceDate "2017.11.19"]
[WhiteTeam "Blanco y Negro"]
[BlackTeam "Collado Villalba"]
[WhiteTeamCountry "ESP"]
[BlackTeamCountry "ESP"]

1. e4 c5 2. Nf3 Nc6 3. Bb5 d6 4. O-O Bd7 5. Re1 Nf6 6. c3 a6 7. Bf1 Bg4 8. d4
Bxf3 9. gxf3 g5 10. Kh1 Rg8 11. Be3 Nh5 12. Na3 Nf4 13. b4 cxd4 14. cxd4 Bg7
15. b5 axb5 16. Nxb5 Bf6 17. Rb1 Kf8 18. Nc3 Qa5 19. Ne2 e5 20. dxe5 Bxe5 21.
Ng3 Rg6 22. Rxb7 Bc3 23. Qb3 Nd8 24. Bb6 Qb4 25. Rb1 Nxb7 26. Qxb4 Bxb4 27.
Rxb4 Nc5 28. Nf5 Nd7 29. Bd4 Re6 30. a4 d5 31. Rb7 Ne5 32. a5 Nxf3 33. Bc5+ Kg8
34. a6 Nd2 35. Bb5 Rxe4 36. Be3 Rc8 37. h3 Nf3 38. Ne7+ Rxe7 39. Rxe7 d4 40.
Bxf4 gxf4 41. Re8+ Rxe8 42. Bxe8 1-0

[Event "Liga Madrileña - DH 2017-2018"]
[Site "Madrid ESP"]
[Date "2017.12.17"]
[Round "4.42"]
[White "Rodriguez Cespedes, Amador"]
[Black "Bolado Saez, Sergio"]
[Result "1/2-1/2"]
[WhiteElo "2411"]
[BlackElo "2375"]
[PlyCount "64"]
[EventDate "2017.11.19"]
[EventType "team-tourn"]
[EventRounds "14"]
[EventCountry "ESP"]
[SourceTitle "Ajedrez en Madrid"]
[Source "lmi"]
[SourceDate "2017.11.19"]
[WhiteTeam "Collado Villalba"]
[BlackTeam "Blanco y Negro"]
[WhiteTeamCountry "ESP"]
[BlackTeamCountry "ESP"]

1. e4 c5 2. Nf3 d6 3. Bc4 Nf6 4. d3 e6 5. Bb3 Be7 6. c3 b5 7. O-O Bb7 8. Re1
Nbd7 9. Nbd2 Qc7 10. d4 cxd4 11. cxd4 Rc8 12. h3 O-O 13. a3 Rfe8 14. Ba2 Bf8
15. Bb1 g6 16. b4 Bg7 17. Bb2 Nh5 18. Qb3 Nf4 19. Kh2 d5 20. e5 f6 21. g3 Nh5
22. exf6 Bxf6 23. Ne5 Nxe5 24. dxe5 Bg5 25. Nf3 Qf7 26. Bd4 Bh6 27. Ra2 Rc4 28.
Kg2 Rf8 29. Rd1 g5 30. Nh2 Rfc8 31. Ng4 Bg7 32. Kh2 a6 1/2-1/2

[Event "Liga Madrileña - DH 2017-2018"]
[Site "Madrid ESP"]
[Date "2017.12.17"]
[Round "4.43"]
[White "Taboas Rodriguez, Daniel"]
[Black "Martin Duque, Jesus"]
[Result "1-0"]
[WhiteElo "2357"]
[BlackElo "2376"]
[PlyCount "51"]
[EventDate "2017.11.19"]
[EventType "team-tourn"]
[EventRounds "14"]
[EventCountry "ESP"]
[SourceTitle "Ajedrez en Madrid"]
[Source "lmi"]
[SourceDate "2017.11.19"]
[WhiteTeam "Blanco y Negro"]
[BlackTeam "Collado Villalba"]
[WhiteTeamCountry "ESP"]
[BlackTeamCountry "ESP"]

1. d4 Nf6 2. Nf3 e6 3. c4 c5 4. e3 cxd4 5. exd4 Bb4+ 6. Nc3 O-O 7. Bd3 d5 8.
cxd5 exd5 9. O-O Nc6 10. Bg5 Be6 11. Rc1 h6 12. Bh4 Bd6 13. Qb3 g5 14. Bg3 Bg4
15. Ne5 Nxd4 16. Qa4 Ne2+ 17. Nxe2 Bxe2 18. Bxe2 Re8 19. Qd4 h5 20. Bb5 Re6 21.
Nf3 Ne4 22. Qxd5 g4 23. Nd4 Nxg3 24. Nxe6 Ne2+ 25. Kh1 Qh4 26. Qxd6 1-0